000 00553nam a22001817a 4500
005 20180719140507.0
010 _aENG-123558
020 _a9788175102279
_c995.00
035 _aEN-107090
037 _bDBAD/PUB.
082 _a954.084
100 _aSenGupta, Ranjeet
245 _aThe indian sepoy, soldier of the raj /
_cby Ranjeet SenGupta
260 _aNew Delhi
_bReliance Publishing House
_c2016
270 _a6/1, South Patel Nagar,
_bNew Delhi
_e110008
300 _axxii,420p.
_c23cm(Hb)
942 _2ddc
_cEN
_h954.084
_mSEN
999 _c154411
_d154411